000 00458nam a22001817a 4500
003 CEME
005 20210628203459.0
008 210316b xxu||||| |||| 00| 0 eng d
020 _a0-442-01596-8
040 _c.
082 _a621.3824 ANT
100 _aLee, S.W , Lo, Y.T
_965587
245 _aAntenna handbook , related topics
260 _aNEWYORK
_bVAN NOSTRAND
_c1993
300 _aVOL IV
650 _aANTENNAS-ELECTRONICS
_9593
942 _cBK
_2ddc
999 _c573844
_d573844